Truyện hay trong sử Việt

Uloženo v:
Podrobná bibliografie
Hlavní autor: Nguyễn Quang Trứ
Médium: Kniha
Jazyk:Undetermined
Vydáno: Hà Nội Thanh Niên 2000
Témata:
Tagy: Přidat tag
Žádné tagy, Buďte první, kdo otaguje tento záznam!
Thư viện lưu trữ: Trung tâm Học liệu Trường Đại học Cần Thơ
LEADER 00546nam a2200169Ia 4500
001 CTU_46764
008 210402s9999 xx 000 0 und d
082 |a 895.9223081 
082 |b Tr550 
100 |a Nguyễn Quang Trứ 
245 0 |a Truyện hay trong sử Việt 
245 0 |c Nguyễn Quang Trứ 
260 |a Hà Nội 
260 |b Thanh Niên 
260 |c 2000 
650 |a historical fiction,short stories, vietnamese,vietnamese literature - 20th century 
980 |a Trung tâm Học liệu Trường Đại học Cần Thơ